[Event "Manizales op 28th"]
[Site "Manizales"]
[Date "2023.01.08"]
[Round "7"]
[White "Angel Barco, Walter Edison"]
[Black "Torres Calle, Raul Fernando"]
[Result "0-1"]
[WhiteElo "1426"]
[BlackElo "1875"]
[PlyCount "64"]
[EventDate "2023.01.05"]
[EventType "swiss"]
[EventRounds "8"]
[EventCountry "COL"]
[SourceTitle "CBM 212 Extra"]
[Source "ChessBase"]
[SourceDate "2023.03.31"]
[SourceVersion "1"]
[SourceVersionDate "2023.03.31"]
[SourceQuality "1"]

1. d4 g6 2. Bf4 Bg7 3. e3 c5 4. c3 cxd4 5. exd4 Nc6 6. Nf3 Qb6 7. Qb3 d6 8. Qxb6 axb6 9. d5 Ne5 10. Nxe5 dxe5 11. Be3 Nf6 12. Bxb6 Nxd5 13. Bc5 b6 14. Ba3 e4 15. Bc4 Bb7 16. Bb5+ Kf8 17. 0-0 f5 18. Rd1 Kf7 19. Bc4 Rhd8 20. Bxd5+ Bxd5 21. b3 Bxb3 22. Rc1 Bc4 23. Bb2 Rd3 24. Na3 Ba6 25. Rd1 Rad8 26. Rxd3 exd3 27. Rd1 e5 28. Nc2 f4 29. Nb4 Bc4 30. f3 Bf8 31. g3 Bc5+ 32. Kg2 d2 0-1

[Event "Manizales op 28th"]
[Site "Manizales"]
[Date "2023.01.07"]
[Round "4"]
[White "Serrano Quinceno, Carlos Enrique"]
[Black "Angel Barco, Walter Edison"]
[Result "0-1"]
[WhiteElo "1605"]
[BlackElo "1426"]
[PlyCount "70"]
[EventDate "2023.01.05"]
[EventType "swiss"]
[EventRounds "8"]
[EventCountry "COL"]
[SourceTitle "CBM 212 Extra"]
[Source "ChessBase"]
[SourceDate "2023.03.31"]
[SourceVersion "1"]
[SourceVersionDate "2023.03.31"]
[SourceQuality "1"]

1. d4 d5 2. c4 e6 3. Nc3 Nf6 4. Bg5 Nbd7 5. e3 Be7 6. cxd5 exd5 7. Bd3 0-0 8. Rc1 c5 9. dxc5 Nxc5 10. Bb1 Ne6 11. Bxf6 Bxf6 12. Nf3 d4 13. Qd3 g6 14. Nxd4 Nxd4 15. exd4 Re8+ 16. Ne2 Bf5 17. Qd2 Bg5 18. f4 Bg4 19. Bd3 Bh4+ 20. g3 Bf6 21. 0-0 Bxd4+ 22. Nxd4 Qxd4+ 23. Kh1 Re2 24. Qxe2 Bxe2 25. Bxe2 Qxb2 26. Bc4 Rd8 27. Rcd1 Rxd1 28. Rxd1 Qf6 29. Rd7 Qc6+ 30. Rd5 b5 31. Bb3 a5 32. a3 a4 33. Ba2 Qc1+ 34. Kg2 Qc2+ 35. Kh3 Qxa2 0-1

[Event "Manizales op 27th"]
[Site "Manizales"]
[Date "2022.01.08"]
[Round "5"]
[White "Angel Barco, Walter Edison"]
[Black "Puerta Rendon, Jacobo"]
[Result "0-1"]
[WhiteElo "1451"]
[BlackElo "1585"]
[PlyCount "27"]
[EventDate "2022.01.06"]
[EventType "swiss"]
[EventRounds "8"]
[EventCountry "COL"]
[SourceTitle "CBM 206 Extra"]
[Source "ChessBase"]
[SourceDate "2022.03.31"]
[SourceVersion "1"]
[SourceVersionDate "2022.03.31"]
[SourceQuality "1"]

1. d4 d5 2. Bf4 Nc6 3. e3 a6 4. c3 Nf6 5. Nd2 Bf5 6. Ngf3 e6 7. Ne5 Nxe5 8. Bxe5 Ng4 9. Nf3 Nxe5 10. Nxe5 Bd6 11. g4 Be4 12. f3 Qh4+ 13. Ke2 Bxe5 14. dxe5 0-1